| 000 | 00700nam a2200229Ii 4500 | ||
|---|---|---|---|
| 003 | JO-AjNU | ||
| 008 | 230605s9999||||xx |||||||||||||| ||und|| | ||
| 017 | _a20/4088 | ||
| 020 | _a9960-33-302-7 | ||
| 040 |
_aJO-AjNU _bara _erda _cJO-AjNU |
||
| 041 | _aara | ||
| 050 | 1 | 4 | _aPJ7950 1999 |
| 100 | 3 |
_aالمطيري، حبيب بن معلا, _eauthor _948640 |
|
| 245 | 0 | 0 | _aنثيت السقاء |
| 250 | _aط1 | ||
| 264 | 3 | 1 | _aالرياض:دار القاسم للنشر والتوزيع،2000 |
| 300 | _a108ص | ||
| 336 |
_atext _btxt _2rdacontent |
||
| 337 |
_aunmediated _bn _2rdamedia |
||
| 338 |
_avolume _bnc _2rdacarrier |
||
| 650 | 4 |
_aالشعر العربي - السعودية _948641 |
|
| 999 |
_aA21315 _c24883 _d24883 |
||